Combien de ville de la Somme (80) connais-tu ? - Statistiques

Statistiques générales
  • Ce quiz a été pris 23 fois
  • Le résultat moyen est 32 sur 772
Statistiques - réponses
Code postal Ville % Correct
80000 Amiens
82%
80100 Abbeville
76%
80300 Albert
65%
80550 Le Crotoy
53%
80510 Long
53%
80330 Longueau
53%
80201 Péronne
53%
80480 Salouël
47%
80690 Ailly-le-Haut-Clocher
41%
80250 Ailly-sur-Noye
41%
80470 Ailly-sur-Somme
41%
80460 Ault
41%
80800 Corbie
41%
80230 Saint-Valery-sur-Somme
41%
80800 Villers-Bretonneux
41%
80334 Camon
35%
80410 Cayeux-sur-Mer
35%
80400 Ham
35%
80350 Mers-les-Bains
35%
80500 Montdidier
35%
80310 Picquigny
35%
80120 Rue
35%
80480 Saleux
35%
80650 Vignacourt
35%
80190 Y
35%
80330 Cagny
29%
80470 Dreuil-lès-Amiens
29%
80120 Fort-Mahon-Plage
29%
80110 Moreuil
29%
80290 Poix-de-Picardie
29%
80120 Quend
29%
80136 Rivery
29%
80700 Roye
29%
80260 Villers-Bocage
29%
80440 Boves
24%
80160 Conty
24%
80800 Daours
24%
80110 Domart-sur-la-Luce
24%
80600 Doullens
24%
80480 Dury
24%
80420 Flixecourt
24%
80800 Fouilloy
24%
80130 Friville-Escarbotin
24%
80300 Méaulte
24%
80190 Nesle
24%
80260 Poulainville
24%
80680 Saint-Fuscien
24%
80630 Beauval
18%
80110 Berteaucourt-lès-Thennes
18%
80150 Crécy-en-Ponthieu
18%
80110 Démuin
18%
80440 Dommartin
18%
80210 Feuquières-en-Vimeu
18%
80390 Fressenneville
18%
80800 Gentelles
18%
80680 Hébécourt
18%
80800 Marcelcave
18%
80132 Miannay
18%
80110 Morisel
18%
80260 Naours
18%
80390 Nibas
18%
80860 Noyelles-sur-Mer
18%
80480 Pont-de-Metz
18%
80680 Sains-en-Amiénois
18%
80135 Saint-Riquier
18%
80260 Talmas
18%
80320 Ablaincourt-Pressoir
12%
80270 Airaines
12%
80800 Aubigny
12%
80260 Bertangles
12%
80230 Boismont
12%
80910 Bouchoir
12%
80830 Bouchon
12%
80800 Bussy-lès-Daours
12%
80800 Cachy
12%
80132 Cambron
12%
80750 Candas
12%
80250 Estrées-sur-Noye
12%
80470 Ferrières
12%
80250 Folleville
12%
80150 Forest-l'Abbaye
12%
80440 Glisy
12%
80680 Grattepanche
12%
80140 Huppy
12%
80250 Jumel
12%
80310 La Chaussée-Tirancourt
12%
80150 Ligescourt
12%
80510 Longpré-les-Corps-Saints
12%
80870 Moyenneville
12%
80400 Muille-Villette
12%
80120 Nampont
12%
80860 Nouvion
12%
80230 Pendé
12%
80860 Ponthoile
12%
80115 Pont-Noyelles
12%
80300 Pozières
12%
80260 Rainneville
12%
80120 Saint-Quentin-en-Tourmont
12%
80470 Saveuse
12%
80110 Thennes
12%
80440 Thézy-Glimont
12%
80210 Tours-en-Vimeu
12%
80460 Woignarue
12%
80210 Acheux-en-Vimeu
6%
80470 Argœuves
6%
80120 Argoules
6%
80820 Arrest
6%
80770 Beauchamps
6%
80870 Béhen
6%
80132 Bellancourt
6%
80370 Bernaville
6%
80850 Berteaucourt-les-Dames
6%
80130 Béthencourt-sur-Mer
6%
80440 Blangy-Tronville
6%
80300 Bouzincourt
6%
80470 Breilly
6%
80300 Bresle
6%
80200 Brie
6%
80230 Brutelles
6%
80170 Caix
6%
80670 Canaples
6%
80150 Canchy
6%
80132 Caours
6%
80340 Cappy
6%
80320 Chaulnes
6%
80250 Chaussoy-Epagny
6%
80210 Chépy
6%
80800 Chipilly
6%
80250 Chirmont
6%
80260 Coisy
6%
80890 Condé-Folie
6%
80560 Contay
6%
80310 Crouy-Saint-Pierre
6%
80500 Davenescourt
6%
80620 Domart-en-Ponthieu
6%
80150 Domvast
6%
80580 Eaucourt-sur-Somme
6%
80340 Éclusier-Vaux
6%
80580 Épagne-Épagnette
6%
80400 Eppeville
6%
80500 Erches
6%
80400 Ercheu
6%
80160 Essertaux
6%
80230 Estrébœuf
6%
80200 Estrées-Deniécourt
6%
80360 Flers
6%
80160 Flers-sur-Noye
6%
80700 Fonches-Fonchette
6%
80120 Forest-Montiers
6%
80440 Fouencamps
6%
80210 Franleu
6%
80620 Fransu
6%
80160 Fransures
6%
80800 Franvillers
6%
80220 Gamaches
6%
80600 Gézaincourt
6%
80690 Gorenflos
6%
80132 Grand-Laviers
6%
80500 Guerbigny
6%
80540 Guignemicourt
6%
80440 Hailles
6%
80670 Halloy-lès-Pernois
6%
80110 Hangard
6%
80310 Hangest-sur-Somme
6%
80131 Harbonnières
6%
80260 Hérissart
6%
80450 Lamotte-Brebière
6%
80800 Lamotte-Warfusée
6%
80230 Lanchères
6%
80190 Languevoisin-Quiquery
6%
80260 La Vicogne
6%
80560 Léalvillers
6%
80430 Le Quesne
6%
80118 Le Quesnel
6%
80132 Le Titre
6%
80600 Lucheux
6%
80150 Machiel
6%
80150 Machy
6%
80132 Mareuil-Caubert
6%
80210 Mons-Boubert
6%
80300 Morlancourt
6%
80690 Mouflers
6%
80160 Nampty
6%
80140 Nesle-l'Hôpital
6%
80140 Neslette
6%
80210 Ochancourt
6%
80160 Ô-de-Selle
6%
80140 Oisemont
6%
80460 Oust-Marest
6%
80700 Parvillers-le-Quesnoy
6%
80670 Pernois
6%
80580 Pont-Remy
6%
80132 Port-le-Grand
6%
80340 Proyart
6%
80115 Querrieu
6%
80132 Quesnoy-le-Montant
6%
80270 Quesnoy-sur-Airaines
6%
80120 Regnière-Écluse
6%
80250 Remiencourt
6%
80700 Roiglise
6%
80500 Rollot
6%
80170 Rosières-en-Santerre
6%
80680 Rumigny
6%
80230 Saigneville
6%
80800 Sailly-Laurette
6%
80960 Saint-Blimont
6%
80200 Saint-Christ-Briost
6%
80780 Saint-Léger-lès-Domart
6%
80610 Saint-Ouen
6%
80880 Saint-Quentin-la-Motte-Croix-au-Bailly
6%
80160 Saint-Sauflieu
6%
80470 Saint-Sauveur
6%
80540 Saisseval
6%
80250 Sourdon
6%
80300 Thiepval
6%
80700 Tilloloy
6%
80300 Treux
6%
80500 Trois-Rivières
6%
80130 Tully
6%
80800 Vaire-sous-Corbie
6%
80210 Valines
6%
80260 Vaux-en-Amiénois
6%
80800 Vaux-sur-Somme
6%
80480 Vers-sur-Selle
6%
80200 Villers-Carbonnel
6%
80690 Villers-sous-Ailly
6%
80150 Vironchaux
6%
80120 Vron
6%
80300 Warloy-Baillon
6%
80520 Woincourt
6%
80560 Acheux-en-Amiénois
0%
80370 Agenville
0%
80150 Agenvillers
0%
80210 Aigneville
0%
80240 Aizecourt-le-Bas
0%
80200 Aizecourt-le-Haut
0%
80200 Allaines
0%
80130 Allenay
0%
80270 Allery
0%
80260 Allonville
0%
80140 Andainville
0%
80700 Andechy
0%
80140 Arguel
0%
80700 Armancourt
0%
80560 Arquèves
0%
80120 Arry
0%
80910 Arvillers
0%
80500 Assainvillers
0%
80200 Assevillers
0%
80200 Athies
0%
80110 Aubercourt
0%
80110 Aubvillers
0%
80560 Auchonvillers
0%
80140 Aumâtre
0%
80640 Aumont
0%
80600 Autheux
0%
80560 Authie
0%
80600 Authieule
0%
80300 Authuille
0%
80270 Avelesges
0%
80300 Aveluy
0%
80140 Avesnes-Chaussoy
0%
80500 Ayencourt
0%
80480 Bacouel-sur-Selle
0%
80490 Bailleul
0%
80300 Baizieux
0%
80700 Balâtre
0%
80200 Barleux
0%
80600 Barly
0%
80260 Bavelincourt
0%
80560 Bayencourt
0%
80170 Bayonvillers
0%
80300 Bazentin
0%
80370 Béalcourt
0%
80430 Beaucamps-le-Jeune
0%
80430 Beaucamps-le-Vieux
0%
80110 Beaucourt-en-Santerre
0%
80300 Beaucourt-sur-l'Ancre
0%
80260 Beaucourt-sur-l'Hallue
0%
80170 Beaufort-en-Santerre
0%
80370 Beaumetz
0%
80300 Beaumont-Hamel
0%
80600 Beauquesne
0%
80300 Bécordel-Bécourt
0%
80500 Becquigny
0%
80260 Béhencourt
0%
80160 Belleuse
0%
80200 Belloy-en-Santerre
0%
80270 Belloy-Saint-Léonard
0%
80310 Belloy-sur-Somme
0%
80290 Bergicourt
0%
80140 Bermesnil
0%
80370 Bernâtre
0%
80120 Bernay-en-Ponthieu
0%
80240 Bernes
0%
80620 Berneuil
0%
80200 Berny-en-Santerre
0%
80560 Bertrancourt
0%
80190 Béthencourt-sur-Somme
0%
80290 Bettembos
0%
80270 Bettencourt-Rivière
0%
80610 Bettencourt-Saint-Ouen
0%
80700 Beuvraignes
0%
80200 Biaches
0%
80190 Biarre
0%
80140 Biencourt
0%
80190 Billancourt
0%
80290 Blangy-sous-Poix
0%
80600 Boisbergues
0%
80800 Bonnay
0%
80670 Bonneville
0%
80160 Bosquel
0%
80200 Bouchavesnes-Bergen
0%
80150 Boufflers
0%
80540 Bougainville
0%
80220 Bouillancourt-en-Séry
0%
80500 Bouillancourt-la-Bataille
0%
80600 Bouquemaison
0%
80310 Bourdon
0%
80130 Bourseville
0%
80500 Boussicourt
0%
80220 Bouttencourt
0%
80220 Bouvaincourt-sur-Bresle
0%
80200 Bouvincourt-en-Vermandois
0%
80540 Bovelles
0%
80110 Braches
0%
80150 Brailly-Cornehotte
0%
80160 Brassy
0%
80580 Bray-lès-Mareuil
0%
80340 Bray-sur-Somme
0%
80400 Breuil
0%
80600 Brévillers
0%
80540 Briquemesnil-Floxicourt
0%
80430 Brocourt
0%
80400 Brouchy
0%
80690 Brucamps
0%
80132 Buigny-l'Abbé
0%
80220 Buigny-lès-Gamaches
0%
80132 Buigny-Saint-Maclou
0%
80200 Buire-Courcelles
0%
80300 Buire-sur-l'Ancre
0%
80700 Bus-la-Mésière
0%
80560 Bus-lès-Artois
0%
80200 Bussu
0%
80135 Bussus-Bussuel
0%
80290 Bussy-lès-Poix
0%
80400 Buverchy
0%
80132 Cahon
0%
80540 Camps-en-Amiénois
0%
80140 Cannessières
0%
80500 Cantigny
0%
80260 Cardonnette
0%
80300 Carnoy-Mametz
0%
80700 Carrépuis
0%
80200 Cartigny
0%
80290 Caulières
0%
80310 Cavillon
0%
80800 Cayeux-en-Santerre
0%
80800 Cerisy
0%
80140 Cerisy-Buleux
0%
80700 Champien
0%
80170 Chilly
0%
80340 Chuignes
0%
80340 Chuignolles
0%
80490 Citerne
0%
80200 Cizancourt
0%
80540 Clairy-Saulchoix
0%
80200 Cléry-sur-Somme
0%
80510 Cocquerel
0%
80560 Coigneux
0%
80560 Colincamps
0%
80360 Combles
0%
80300 Contalmaison
0%
80370 Conteville
0%
80160 Contre
0%
80440 Cottenchy
0%
80250 Coullemelle
0%
80135 Coulonvillers
0%
80300 Courcelette
0%
80560 Courcelles-au-Bois
0%
80290 Courcelles-sous-Moyencourt
0%
80160 Courcelles-sous-Thoix
0%
80500 Courtemanche
0%
80370 Cramont
0%
80700 Crémery
0%
80190 Cressy-Omencourt
0%
80480 Creuse
0%
80400 Croix-Moligneaux
0%
80290 Croixrault
0%
80190 Curchy
0%
80360 Curlu
0%
80700 Damery
0%
80700 Dancourt-Popincourt
0%
80570 Dargnies
0%
80300 Dernancourt
0%
80200 Devise
0%
80200 Doingt
0%
80370 Domesmont
0%
80120 Dominois
0%
80370 Domléger-Longvillers
0%
80980 Dompierre-Becquincourt
0%
80150 Dompierre-sur-Authie
0%
80620 Domqueur
0%
80140 Doudelainville
0%
80400 Douilly
0%
80240 Driencourt
0%
80640 Dromesnil
0%
80132 Drucat
0%
80570 Embreville
0%
80300 Englebelmer
0%
80200 Ennemain
0%
80140 Épaumesnil
0%
80370 Épécamps
0%
80740 Épehy
0%
80190 Épénancourt
0%
80290 Éplessier
0%
80360 Équancourt
0%
80290 Équennes-Éramecourt
0%
80210 Ercourt
0%
80690 Ergnies
0%
80580 Érondelle
0%
80250 Esclainvillers
0%
80400 Esmery-Hallon
0%
80150 Estrées-lès-Crécy
0%
80200 Estrées-Mons
0%
80190 Étalon
0%
80500 Ételfay
0%
80200 Éterpigny
0%
80340 Étinehem-Méricourt
0%
80140 Étréjust
0%
80360 Étricourt-Manancourt
0%
80190 Falvy
0%
80290 Famechon
0%
80500 Faverolles
0%
80120 Favières
0%
80200 Fay
0%
80500 Fescamps
0%
80200 Feuillères
0%
80670 Fieffes-Montrelet
0%
80750 Fienvillers
0%
80500 Fignières
0%
80360 Fins
0%
80200 Flaucourt
0%
80260 Flesselles
0%
80160 Fleury
0%
80540 Fluy
0%
80170 Folies
0%
80340 Fontaine-lès-Cappy
0%
80140 Fontaine-le-Sec
0%
80500 Fontaine-sous-Montdidier
0%
80150 Fontaine-sur-Maye
0%
80510 Fontaine-sur-Somme
0%
80560 Forceville
0%
80140 Forceville-en-Vimeu
0%
80160 Fossemanant
0%
80340 Foucaucourt-en-Santerre
0%
80140 Foucaucourt-Hors-Nesle
0%
80170 Fouquescourt
0%
80290 Fourcigny
0%
80310 Fourdrinoy
0%
80131 Framerville-Rainecourt
0%
80140 Framicourt
0%
80690 Francières
0%
80620 Franqueville
0%
80700 Fransart
0%
80260 Fréchencourt
0%
80160 Frémontiers
0%
80320 Fresnes-Mazancourt
0%
80140 Fresnes-Tilloloy
0%
80140 Fresneville
0%
80140 Fresnoy-Andainville
0%
80290 Fresnoy-au-Val
0%
80110 Fresnoy-en-Chaussée
0%
80700 Fresnoy-lès-Roye
0%
80140 Frettecuisse
0%
80220 Frettemeule
0%
80460 Friaucourt
0%
80290 Fricamps
0%
80300 Fricourt
0%
80340 Frise
0%
80370 Frohen-sur-Authie
0%
80150 Froyelles
0%
80490 Frucourt
0%
80150 Gapennes
0%
80290 Gauville
0%
80360 Ginchy
0%
80370 Gorges
0%
80700 Goyencourt
0%
80300 Grandcourt
0%
80500 Gratibus
0%
80140 Grébault-Mesnil
0%
80250 Grivesnes
0%
80700 Grivillers
0%
80600 Grouches-Luchuel
0%
80700 Gruny
0%
80150 Gueschart
0%
80360 Gueudecourt
0%
80170 Guillaucourt
0%
80360 Guillemont
0%
80290 Guizancourt
0%
80240 Guyencourt-Saulcourt
0%
80250 Guyencourt-sur-Noye
0%
80490 Hallencourt
0%
80250 Hallivillers
0%
80320 Hallu
0%
80800 Hamelet
0%
80240 Hancourt
0%
80134 Hangest-en-Santerre
0%
80360 Hardecourt-aux-Bois
0%
80560 Harponville
0%
80700 Hattencourt
0%
80132 Hautvillers-Ouville
0%
80670 Havernas
0%
80560 Hédauville
0%
80800 Heilly
0%
80600 Hem-Hardinval
0%
80360 Hem-Monacu
0%
80300 Hénencourt
0%
80200 Herbécourt
0%
80340 Herleville
0%
80190 Herly
0%
80240 Hervilly
0%
80240 Hesbécourt
0%
80290 Hescamps
0%
80270 Heucourt-Croquoison
0%
80122 Heudicourt
0%
80370 Heuzecourt
0%
80370 Hiermont
0%
80400 Hombleux
0%
80640 Hornoy-le-Bourg
0%
80132 Huchenneville
0%
80600 Humbercourt
0%
80320 Hypercourt
0%
80800 Ignaucourt
0%
80430 Inval-Boiron
0%
80300 Irles
0%
80500 Laboissière-en-Santerre
0%
80290 Lachapelle
0%
80700 La Chavatte
0%
80250 La Faloise
0%
80430 Lafresguimont-Saint-Martin
0%
80800 Lahoussoye
0%
80270 Laleu
0%
80590 Lamaronde
0%
80150 Lamotte-Buleux
0%
80620 Lanches-Saint-Hilaire
0%
80340 La Neuville-lès-Bray
0%
80110 La Neuville-Sire-Bernard
0%
80700 Laucourt
0%
80300 Laviéville
0%
80250 Lawarde-Mauger-l'Hortoy
0%
80150 Le Boisle
0%
80500 Le Cardonnois
0%
80700 L'Échelle-Saint-Aurin
0%
80800 Le Hamel
0%
80430 Le Mazis
0%
80370 Le Meillard
0%
80310 Le Mesge
0%
80110 Le Plessier-Rozainvillers
0%
80360 Lesbœufs
0%
80830 L'Étoile
0%
80140 Le Translay
0%
80700 Liancourt-Fosse
0%
80320 Licourt
0%
80240 Liéramont
0%
80580 Liercourt
0%
80500 Lignières
0%
80290 Lignières-Châtelain
0%
80140 Lignières-en-Vimeu
0%
80320 Lihons
0%
80490 Limeux
0%
80430 Liomer
0%
80240 Longavesnes
0%
80360 Longueval
0%
80600 Longuevillette
0%
80560 Louvencourt
0%
80250 Louvrechy
0%
80560 Mailly-Maillet
0%
80110 Mailly-Raineval
0%
80220 Maisnières
0%
80150 Maison-Ponthieu
0%
80135 Maison-Roland
0%
80370 Maizicourt
0%
80250 Malpart
0%
80700 Marché-Allouarde
0%
80200 Marchélepot-Misery
0%
80500 Marestmontiers
0%
80360 Maricourt
0%
80560 Marieux
0%
80290 Marlers
0%
80240 Marquaix
0%
80700 Marquivillers
0%
80140 Martainneville
0%
80400 Matigny
0%
80170 Maucourt
0%
80360 Maurepas
0%
80170 Méharicourt
0%
80290 Meigneux
0%
80520 Méneslies
0%
80290 Méréaucourt
0%
80490 Mérélessart
0%
80640 Méricourt-en-Vimeu
0%
80800 Méricourt-l'Abbé
0%
80200 Mesnil-Bruntel
0%
80620 Mesnil-Domqueur
0%
80360 Mesnil-en-Arrouaise
0%
80300 Mesnil-Martinsart
0%
80500 Mesnil-Saint-Georges
0%
80190 Mesnil-Saint-Nicaise
0%
80270 Métigny
0%
80600 Mézerolles
0%
80110 Mézières-en-Santerre
0%
80300 Millencourt
0%
80135 Millencourt-en-Ponthieu
0%
80300 Miraumont
0%
80260 Mirvaux
0%
80200 Moislains
0%
80260 Molliens-au-Bois
0%
80540 Molliens-Dreuil
0%
80200 Monchy-Lagache
0%
80160 Monsures
0%
80540 Montagne-Fayel
0%
80300 Montauban-de-Picardie
0%
80370 Montigny-les-Jongleurs
0%
80260 Montigny-sur-l'Hallue
0%
80260 Montonvillers
0%
80190 Morchain
0%
80340 Morcourt
0%
80290 Morvillers-Saint-Saturnin
0%
80140 Mouflières
0%
80400 Moyencourt
0%
80290 Moyencourt-lès-Poix
0%
80290 Namps-Maisnil
0%
80132 Neufmoulin
0%
80150 Neuilly-le-Dien
0%
80132 Neuilly-l'Hôpital
0%
80140 Neuville-au-Bois
0%
80430 Neuville-Coppegueule
0%
80600 Neuvillette
0%
80150 Noyelles-en-Chaussée
0%
80240 Nurlu
0%
80600 Occoches
0%
80290 Offignies
0%
80400 Offoy
0%
80540 Oissy
0%
80135 Oneux
0%
80160 Oresmaux
0%
80600 Outrebois
0%
80300 Ovillers-la-Boisselle
0%
80190 Pargny
0%
80500 Piennes-Onvillers
0%
80260 Pierregot
0%
80540 Pissy
0%
80160 Plachy-Buyon
0%
80240 Pœuilly
0%
80150 Ponches-Estruval
0%
80190 Potte
0%
80370 Prouville
0%
80160 Prouzel
0%
80560 Puchevillers
0%
80320 Punchy
0%
80320 Puzeaux
0%
80300 Pys
0%
80710 Quevauvillers
0%
80250 Quiry-le-Sec
0%
80400 Quivières
0%
80600 Raincheval
0%
80140 Ramburelles
0%
80140 Rambures
0%
80360 Rancourt
0%
80600 Remaisnil
0%
80500 Remaugies
0%
80700 Rethonvillers
0%
80540 Revelles
0%
80620 Ribeaucourt
0%
80800 Ribemont-sur-Ancre
0%
80310 Riencourt
0%
80160 Rogy
0%
80240 Roisel
0%
80740 Ronssoy
0%
80250 Rouvrel
0%
80170 Rouvroy-en-Santerre
0%
80190 Rouy-le-Grand
0%
80190 Rouy-le-Petit
0%
80260 Rubempré
0%
80500 Rubescourt
0%
80970 Sailly-Flibeaucourt
0%
80800 Sailly-le-Sec
0%
80360 Sailly-Saillisel
0%
80370 Saint-Acheul
0%
80540 Saint-Aubin-Montenoy
0%
80430 Saint-Aubin-Rivière
0%
80290 Sainte-Segrée
0%
80430 Saint-Germain-sur-Bresle
0%
80260 Saint-Gratien
0%
80560 Saint-Léger-lès-Authie
0%
80140 Saint-Léger-sur-Bresle
0%
80700 Saint-Mard
0%
80140 Saint-Maulvis
0%
80140 Saint-Maxent
0%
80310 Saint-Vaast-en-Chaussée
0%
80400 Sancourt
0%
80290 Saulchoy-sous-Poix
0%
80110 Sauvillers-Mongival
0%
80140 Senarpont
0%
80300 Senlis-le-Sec
0%
80160 Sentelie
0%
80540 Seux
0%
80240 Sorel
0%
80490 Sorel-en-Vimeu
0%
80310 Soues
0%
80200 Soyécourt
0%
80620 Surcamps
0%
80340 Suzanne
0%
80270 Tailly
0%
80240 Templeux-la-Fosse
0%
80240 Templeux-le-Guérard
0%
80600 Terramesnil
0%
80200 Tertry
0%
80640 Thieulloy-l'Abbaye
0%
80290 Thieulloy-la-Ville
0%
80560 Thièvres
0%
80160 Thoix
0%
80250 Thory
0%
80220 Tilloy-Floriville
0%
80240 Tincourt-Boucly
0%
80870 Tœufles
0%
80560 Toutencourt
0%
80400 Ugny-l'Équipée
0%
80560 Vadencourt
0%
80560 Varennes
0%
80560 Vauchelles-lès-Authie
0%
80620 Vauchelles-lès-Domart
0%
80132 Vauchelles-les-Quesnoy
0%
80230 Vaudricourt
0%
80131 Vauvillers
0%
80140 Vaux-Marquenneville
0%
80800 Vecquemont
0%
80160 Velennes
0%
80120 Vercourt
0%
80270 Vergies
0%
80320 Vermandovillers
0%
80700 Verpillières
0%
80190 Villecourt
0%
80420 Ville-le-Marclet
0%
80140 Villeroy
0%
80110 Villers-aux-Érables
0%
80140 Villers-Campsart
0%
80240 Villers-Faucon
0%
80700 Villers-lès-Roye
0%
80120 Villers-sur-Authie
0%
80500 Villers-Tournelle
0%
80300 Ville-sur-Ancre
0%
80140 Vismes
0%
80150 Vitz-sur-Authie
0%
80400 Voyennes
0%
80240 Vraignes-en-Vermandois
0%
80640 Vraignes-lès-Hornoy
0%
80170 Vrély
0%
80670 Wargnies
0%
80270 Warlus
0%
80500 Warsy
0%
80170 Warvillers
0%
80170 Wiencourt-l'Équipée
0%
80270 Wiry-au-Mont
0%
80140 Woirel
0%
80135 Yaucourt-Bussus
0%
80132 Yonval
0%
80150 Yvrench
0%
80150 Yvrencheux
0%
80520 Yzengremer
0%
80310 Yzeux
0%
Aucun quiz correspondant
Distribution des résultats
% des personnes avec chaque résultat
Percentile par nombre de réponses
Votre historique - résultats
Vous n’avez pas pris ce quiz